Gaming Quiz

Random Gaming or Nintendo Quiz

Which Zelda Game? Quiz Stats

 Plays Quiz Updated Sep 20, 2019

Score 0/16 Timer 04:00
19 Plays Today
Question Answer Wrong Answers
The Legend of Zelda
87.3%
3%
3.9%
2%
The Legend of Zelda: Breath of the Wild
85.8%
4.3%
4.3%
2%
The Legend of Zelda: Ocarina of Time
85.2%
4.7%
2.6%
3.6%
The Legend of Zelda: Majora's Mask
84.1%
2.8%
7.3%
1.6%
The Legend of Zelda: Twilight Princess
83%
2.6%
5.8%
4.4%
The Legend of Zelda: The Minish Cap
81.6%
6.3%
5.1%
2.9%
The Legend of Zelda: Spirit Tracks
81.5%
5.2%
4.1%
5.4%
The Legend of Zelda: The Wind Waker
80.9%
3.2%
10.4%
1.8%
Zelda II: The Adventure of Link
80.5%
7.8%
5.4%
2.4%
The Legend of Zelda: Four Swords Adventures
79.3%
3.6%
8%
4.9%
The Legend of Zelda: Skyward Sword
79.2%
8.7%
4.8%
3.1%
The Legend of Zelda: Link's Awakening (Game Boy)
77.9%
3.4%
8%
6.8%
The Legend of Zelda: A Link to the Past
76.4%
8.1%
5.4%
6.2%
The Legend of Zelda: Tri Force Heroes
73.4%
4.8%
5.1%
12.7%
The Legend of Zelda: A Link Between Worlds
73.4%
3.5%
9.9%
9.3%
The Legend of Zelda: Phantom Hourglass
68.1%
9.6%
12.7%
5.5%

You're not logged in!

Compare scores with friends on all Sporcle quizzes.
OR
Log In

Sporcle TV

Today on Sporcle TV


Watch our educational content, quiz creation guides, and fun videos on Sporcle TV.

Show Comments

Extras

Top Quizzes Today


Score Distribution

Your Account Isn't Verified!

In order to create a playlist on Sporcle, you need to verify the email address you used during registration. Go to your Sporcle Settings to finish the process.

Report this User

Report this user for behavior that violates our Community Guidelines.

Details: